Termina el desfile
Gespeichert in:
| 1. Verfasser: | |
|---|---|
| Format: | Buch |
| Sprache: | Spanisch |
| Veröffentlicht: |
Barcelona
Plaza and Janes
1986
|
| Schriftenreihe: | Biblioteca letras del exilio
|
| Schlagworte: | |
| Tags: |
Tag hinzufügen
Keine Tags, Fügen Sie den ersten Tag hinzu!
|
MARC
| LEADER | 00000nam a2200000 a 4500 | ||
|---|---|---|---|
| 001 | UCX0301 | ||
| 003 | CL-VaPUC | ||
| 008 | 890922e19860000SP |||||||||||||||||spa|d | ||
| 082 | 0 | 4 | |a Cu863 |b ARE |2 21 |
| 100 | |a Arenas, Reinaldo |e autor |9 315672 | ||
| 245 | 1 | 0 | |a Termina el desfile |
| 300 | |a 190 p | ||
| 942 | |c BK | ||
| 945 | |d 19890922 00:00:00 | ||
| 260 | |a Barcelona |b Plaza and Janes |c 1986 | ||
| 650 | 0 | |a Cuentos cubanos |9 315673 | |
| 583 | |a last modification |c 19890922 00:00:00 |k Rodrigo Vera | ||
| 490 | 0 | |a Biblioteca letras del exilio | |
| 999 | |c 221939 |d 221937 | ||
| 952 | |0 0 |1 0 |4 0 |6 CU_863_000000000000000_ARE_1986 |7 0 |8 A |9 216024 |a BIBEDU |b BIBEDU |d 2019-11-15 |i 2846039 |o Cu863 ARE 1986 |p 2846039 |r 2019-11-15 |w 2019-11-15 |y BK |k LIT | ||